Contemporary urban planning / (Record no. 14)

MARC details
000 -LEADER
fixed length control field 00651cam a2200217 i 4500
008 - FIXED-LENGTH DATA ELEMENTS--GENERAL INFORMATION
fixed length control field 160415s2017 nyu b 001 0 eng
020 ## - INTERNATIONAL STANDARD BOOK NUMBER
ISBN 9781138666375 (hardback : alk. paper)
020 ## - INTERNATIONAL STANDARD BOOK NUMBER
ISBN 9781138666382 (pbk. : alk. paper)
100 1# - MAIN ENTRY--AUTHOR
Author Levy, John M.,
245 10 - TITLE STATEMENT
Title Contemporary urban planning /
Statement of responsibility, etc John M. Levy.
250 ## - EDITION STATEMENT
Edition statement Eleventh Edition.
300 ## - COLLATION
Pagination xii, 464 pages ;
500 ## - GENERAL NOTE
General note Revised edition of the author's Contemporary urban planning, 2013.
650 #0 - TRACINGS
Main Subject City planning
650 #0 - TRACINGS
Main Subject Urban policy
650 #0 - TRACINGS
Main Subject Urbanization
650 #0 - TRACINGS
Main Subject Sociology, Urban
942 ## - ADDED ENTRY ELEMENTS (KOHA)
Item type Books
050 00 - LIBRARY OF CONGRESS CALL NUMBER
Classification number HT167
Item number .L38 2017
082 00 - DEWEY DECIMAL CLASSIFICATION NUMBER
Classification number 307.1/2160973
Holdings
Source of classification or shelving scheme Not for loan Permanent location Current location Date acquired Accession No. Full call number Barcode. Koha item type
Library of Congress Classification   Environmental Sciences Library Environmental Sciences Library 03/04/2024 2024-62043 HT167.L3822017 2024-0002 Books